01311nam a22003377a 4500003000500000005001700005008004100022010001000063011001000073035001100083040000900094082001500103110005100118245008500169260005600254300001100310530007100321590004100392590004100433590004100474590004200515650002300557650005200580650006200632650004300694901000700737942001000744949006700754999001700821952013500838CHAP20220817044115.0060602d2004 mx r 00110 spa d a92335 a93307 a103879 cCHAP04a338.9bM580 aMéxico. Gobierno del Distrito Federal97706610aHacia la agenda XXI de la ciudad de Méxicoc/por Gobierno del Distrito Federal aMéxico, D. F. :bFriedrich Ebert Stiftung,c2004. a146 p. aEste material también se encuentra en CD. Clasifiación: CD-387 aBATCH-UPDb10c20130110lUCH01h0959 aBATCH-UPDb10c20130410lUCH01h0611 aBATCH-UPDb10c20130914lUCH01h1157 aCONVERSIONb10c20130109lUCH01h135114aDesarrollo social.14aDesarrollo sustentablexMéxico (D. F.)93209114aMedio ambientexContaminaciónzMéxico (D. F.).97408014aMéxico (D.F.)xCondiciones sociales. aBK cLIBRO a338.9 M58bBCcLIBROd33724000988200eLIBROh108044i103879sb c92335d92335 00102ddc4052708GRALaBCbBCcPA_GRALd2019-12-31fLIBROl0o338.9 M58p33724000988200r2019-12-31 00:00:00w2019-12-31yLIBRO